[Event "Mechanics' Peter Grey TNM; G/2 d5"]
[Site "San Francisco"]
[Date "2017.09.12"]
[Round "6.36"]
[White "Robertson, Terrance"]
[Black "James, Charles"]
[Result "1/2-1/2"]
[WhiteElo "1433"]
[BlackElo "1382"]
[PlyCount "117"]
[EventDate "2017.??.??"]

1. e4 c5 2. Nf3 d6 3. d4 cxd4 4. Nxd4 a6 5. Nc3 Nf6 6. Be2 e5 7. Nb3 Be7 8. Bg5
Nbd7 9. Bxf6 Nxf6 10. O-O O-O 11. f3 Be6 12. Nd5 Nxd5 13. exd5 Bd7 14. c4 Rc8
15. Kh1 Bg5 16. g3 Bh3 17. Re1 Bd7 18. Nd2 f5 19. Bf1 Rf6 20. b3 Rh6 21. Re2
Bf6 22. Rb1 g5 23. h3 g4 24. Rh2 gxf3 25. Nxf3 e4 26. Nd4 Be5 27. Ne2 Qg5 28.
Qc1 e3 29. h4 Qg4 30. Qxe3 Rg6 31. Bh3 Qh5 32. Nf4 Bxf4 33. Qxf4 Re8 34. Bg2
Re5 35. Bf3 Qh6 36. Qxh6 Rxh6 37. Re2 Rg6 38. Rxe5 dxe5 39. Kg2 e4 40. Bh5 Rf6
41. Rf1 Kg7 42. Rf4 Kh6 43. Be2 Kg6 44. Kf2 h5 45. Ke3 Kh6 46. c5 Rg6 47. Kf2
b5 48. c6 Bc8 49. a4 bxa4 50. bxa4 a5 51. Bb5 Rd6 52. Bc4 Kg6 53. Ke3 Kf6 54.
Kd4 Rd8 55. Bb3 Ba6 56. Ba2 Bc8 57. Kc5 e3 58. d6 Ba6 59. c7 1/2-1/2

[Event "Mechanics' Winter TNM; G/2"]
[Site "San Francisco"]
[Date "2017.01.31"]
[Round "5.31"]
[White "Robertson, Terrance"]
[Black "Marcus, Joel"]
[Result "0-1"]
[WhiteElo "1380"]
[BlackElo "1888"]
[PlyCount "98"]
[EventDate "2017.??.??"]

1. e4 e5 2. Nf3 Nf6 3. Nxe5 d6 4. Nf3 Nxe4 5. d4 d5 6. Bd3 Nc6 7. O-O Be7 8. c4
Nf6 9. Nc3 O-O 10. h3 Nb4 11. Be2 Bf5 12. a3 Nc6 13. Re1 h6 14. g4 Bh7 15. c5
Ne4 16. Bd3 f5 17. Bf1 fxg4 18. hxg4 Bh4 19. Be3 Nxf2 20. Bxf2 Bxf2+ 21. Kxf2
Qh4+ 22. Kg1 Qg3+ 23. Bg2 Rf7 24. Ne2 Qxg4 25. Nh2 Qg5 26. Qc1 Qg6 27. Nf3 Rxf3
28. Qd2 Rd3 29. Qf4 Rf8 30. Qxc7 Nxd4 31. Nxd4 Rxd4 32. Qxb7 Rd2 33. Re2 Rxe2
34. Qxd5+ Kh8 35. Rf1 Rxf1+ 36. Kxf1 Re8 37. c6 Qd3+ 38. Qxd3 Bxd3+ 39. Kf2 Rc8
40. Ke3 Bb5 41. Kd4 Bxc6 42. Bxc6 Rxc6 43. Kd5 Rc8 44. b4 h5 45. Ke4 h4 46. Kf3
Rc3+ 47. Kg4 Rxa3 48. Kxh4 Ra4 49. Kg5 Rxb4 0-1

[Event "Mechanics' Summer TNM; G/2 d5"]
[Site "San Francisco"]
[Date "2017.06.27"]
[Round "6.25"]
[White "Robertson, Terrance"]
[Black "Mays, Jerry L"]
[Result "0-1"]
[WhiteElo "1421"]
[BlackElo "1790"]
[PlyCount "62"]
[EventDate "2017.??.??"]

1. e4 e5 2. Nf3 Nc6 3. d4 exd4 4. Nxd4 Bc5 5. Be3 Qf6 6. c3 Nge7 7. Bc4 O-O 8.
O-O Ne5 9. Be2 Qb6 10. b4 Bxd4 11. Bxd4 Qe6 12. f4 N5c6 13. Qd3 d5 14. Nd2 Nxd4
15. Qxd4 dxe4 16. Qxe4 Nf5 17. Qxe6 Bxe6 18. Nc4 Bxc4 19. Bxc4 Ne3 20. Bxf7+
Rxf7 21. Rf3 Re8 22. Re1 Rfe7 23. h3 Nd5 24. Rxe7 Rxe7 25. Kf2 b5 26. f5 Kf7
27. g4 h6 28. h4 Nf6 29. Rf4 Re4 30. Kf3 Rxf4+ 31. Kxf4 Nd5+ 0-1

[Event "Mechanics' Fall TNM; G/2 d5"]
[Site "San Francisco"]
[Date "2017.12.05"]
[Round "7.30"]
[White "Robertson, Terrance"]
[Black "Mays, Jerry L"]
[Result "1/2-1/2"]
[WhiteElo "1352"]
[BlackElo "1700"]
[PlyCount "99"]
[EventDate "2017.??.??"]

1. e4 g6 2. d4 Bg7 3. Nc3 d6 4. Be3 Nf6 5. Nf3 O-O 6. Bd3 Ng4 7. Qd2 Nxe3 8.
Qxe3 e5 9. d5 f5 10. O-O-O f4 11. Qe2 Bg4 12. h3 Bh5 13. Rdf1 Nd7 14. Kb1 a5
15. g4 fxg3 16. fxg3 Bxf3 17. Rxf3 Rxf3 18. Qxf3 Qe7 19. Rf1 Rf8 20. Qe3 Nc5
21. Rxf8+ Qxf8 22. Be2 Bh6 23. Qf3 c6 24. Qxf8+ Kxf8 25. Bf3 Bd2 26. dxc6 bxc6
27. Ne2 Ke7 28. c4 Nd3 29. Kc2 Ne1+ 30. Kxd2 Nxf3+ 31. Ke3 Ng5 32. Ng1 c5 33.
h4 Ne6 34. Ne2 Nd4 35. Nc3 Nc2+ 36. Kd2 Nb4 37. a3 Nc6 38. Nd5+ Kf7 39. Ke3 Nd4
40. Kd3 h6 41. Ke3 Ke6 42. Nc7+ Kd7 43. Nd5 Ke6 44. Nc7+ Kf7 45. g4 g5 46. h5
Nc2+ 47. Kd2 Nd4 48. Ke3 Nc2+ 49. Kd2 Nd4 50. Ke3 1/2-1/2

[Event "Mechanics' Summer TNM; G/2 d5"]
[Site "San Francisco"]
[Date "2017.05.30"]
[Round "2.43"]
[White "Robertson, Terrance"]
[Black "McCarty-Snead, Fianna"]
[Result "1-0"]
[WhiteElo "1421"]
[BlackElo "976"]
[PlyCount "47"]
[EventDate "2017.??.??"]

1. e4 e5 2. Nf3 Nc6 3. d4 d5 4. Nxe5 dxe4 5. Nxc6 bxc6 6. Nc3 Nf6 7. f3 exf3 8.
Qxf3 Qe7+ 9. Qe2 Qxe2+ 10. Bxe2 c5 11. Be3 Rb8 12. O-O-O Ng4 13. Bxg4 Bxg4 14.
Rd2 Be7 15. dxc5 O-O 16. h3 Bf5 17. Rhd1 Rfe8 18. Nd5 Bd8 19. Bf4 Be4 20. Nxc7
Bxc7 21. Bxc7 Rbc8 22. Bd6 Bf5 23. b4 Rc6 24. b5 1-0

[Event "Mechanics' Peter Grey TNM; G/2 d5"]
[Site "San Francisco"]
[Date "2017.09.19"]
[Round "7.44"]
[White "Robertson, Terrance"]
[Black "Orgelmunkh, Tselmeg"]
[Result "1-0"]
[WhiteElo "1433"]
[BlackElo "504"]
[PlyCount "89"]
[EventDate "2017.??.??"]

1. e4 e5 2. Nf3 Nc6 3. d4 Nf6 4. Nc3 d6 5. Bb5 a6 6. Bxc6+ bxc6 7. dxe5 Ng4 8.
h3 Nh6 9. Bg5 Be7 10. Bxh6 gxh6 11. exd6 cxd6 12. Qd4 Bf6 13. e5 Bg7 14. Qxd6
Qxd6 15. exd6 Bf5 16. O-O-O Rb8 17. Nd4 Be6 18. Nxe6 fxe6 19. d7+ Kd8 20. Rd6
Bf8 21. Rxc6 Kxd7 22. Rxa6 Be7 23. Rd1+ Ke8 24. Rxe6 Rf8 25. Nd5 Rb7 26. Rde1
Rxf2 27. Rxe7+ Rxe7 28. Rxe7+ Kf8 29. g4 Rf1+ 30. Kd2 Rf2+ 31. Re2 Rf1 32. c4
Rb1 33. Kc2 Rf1 34. c5 Rf3 35. c6 Ra3 36. bxa3 Kg7 37. c7 Kg6 38. c8=Q Kg5 39.
Qf5+ Kh4 40. Qh5+ Kg3 41. Re3+ Kf2 42. Qh4+ Kf1 43. Qe1+ Kg2 44. Rg3+ Kh2 45.
Qg1# 1-0

[Event "Mechanics' Winter TNM; G/2"]
[Site "San Francisco"]
[Date "2017.01.17"]
[Round "3.34"]
[White "Robertson, Terrance"]
[Black "Simpkins, Jerry"]
[Result "0-1"]
[WhiteElo "1380"]
[BlackElo "1513"]
[PlyCount "22"]
[EventDate "2017.??.??"]

1. e4 e5 2. Nf3 f5 3. d4 fxe4 4. Nxe5 Nf6 5. Nc3 d5 6. Bg5 c6 7. Be2 Be7 8. Qd2
Bf5 9. O-O-O Nbd7 10. Bxf6 Bxf6 11. Nxd7 Bg5 0-1

[Event "Mechanics' Fall TNM; G/2 d5"]
[Site "San Francisco"]
[Date "2017.12.05"]
[Round "7.21"]
[White "Ross, Max"]
[Black "Crofts, Jacob"]
[Result "0-1"]
[WhiteElo "1313"]
[BlackElo "1714"]
[PlyCount "58"]
[EventDate "2017.??.??"]

1. d4 Nf6 2. e3 e6 3. Bd3 c5 4. c3 Nc6 5. f4 b6 6. Nf3 Bb7 7. O-O Be7 8. Nbd2
Qc7 9. Nc4 Nd5 10. Nce5 cxd4 11. cxd4 O-O 12. Bd2 d6 13. Nxc6 Qxc6 14. Rc1 Qd7
15. Qc2 (15. e4) 15... f5 16. g4 $5 Rac8 17. Qb1 Rxc1 18. Bxc1 $2 Nb4 19. gxf5
exf5 20. Bxf5 $2 Qxf5 21. Qxf5 Rxf5 22. a3 Nd3 23. Bd2 Nxb2 24. Kf2 Nc4 25. Rc1
b5 26. Ne1 Rh5 27. Bb4 Rxh2+ 28. Kg3 Rh1 29. Kg4 Nxe3+ 0-1

[Event "Mechanics' Fall TNM; G/2 d5"]
[Site "San Francisco"]
[Date "2017.11.14"]
[Round "4.33"]
[White "Ross, Max"]
[Black "Hack, Richard"]
[Result "1-0"]
[WhiteElo "1313"]
[BlackElo "1635"]
[PlyCount "99"]
[EventDate "2017.??.??"]

1. d4 f5 2. e3 Nf6 3. Bd3 d6 4. f4 g6 5. c3 Bg7 6. Nf3 O-O 7. O-O Qe8 8. Ng5 e6
9. Nd2 h6 10. Ngf3 b6 11. Qb3 Nc6 12. e4 fxe4 13. Nxe4 Na5 14. Qc2 Nd5 15. g3
Ne7 16. Bd2 Bb7 17. b4 Nac6 18. Rae1 a5 19. a3 axb4 20. axb4 Nd8 21. g4 Ba6 22.
Ng3 Bxd3 23. Qxd3 c5 24. bxc5 dxc5 25. Qe4 Qc6 26. dxc5 bxc5 27. Qxc6 Nexc6 28.
g5 h5 29. Ne4 Rf5 30. Nh4 Rd5 31. Nxg6 Kh7 32. Nh4 Ne7 33. Rd1 Nf5 34. Nxf5
Rxf5 35. Ng3 Rd5 36. Nxh5 Nf7 37. Nxg7 Kxg7 38. Be3 Rad8 39. Rxd5 Rxd5 40. c4
Rf5 41. Rd1 Kg6 42. Kg2 e5 43. Rd5 exf4 44. Rxf5 Kxf5 45. Bxc5 Ne5 46. Be7 Nxc4
47. h4 Ne5 48. h5 Kg4 49. g6 f3+ 50. Kf1 1-0

[Event "Mechanics' Fall TNM; G/2 d5"]
[Site "San Francisco"]
[Date "2017.11.21"]
[Round "5.19"]
[White "Ross, Max"]
[Black "Ricard, Bruce"]
[Result "0-1"]
[WhiteElo "1313"]
[BlackElo "1804"]
[PlyCount "124"]
[EventDate "2017.??.??"]

1. d4 d5 2. e3 Nf6 3. Bd3 c5 4. c3 e6 5. f4 Nc6 6. Nf3 Be7 7. Nbd2 O-O 8. b3
Qa5 9. Bb2 cxd4 10. exd4 Qc7 11. Ne5 b6 12. O-O Bb7 13. g4 Nxe5 14. fxe5 Ne4
15. Qc2 f5 16. gxf5 exf5 17. Rf3 Rac8 18. Raf1 Qc6 19. Nxe4 dxe4 20. Bc4+ Kh8
21. d5 Qc5+ 22. R3f2 e3 23. Re2 f4 24. Qe4 Bg5 25. Rf3 b5 26. Bd3 g6 27. Rh3
Rf5 28. e6 Bf6 29. b4 Qxd5 30. Qxd5 Rxd5 31. Bc2 Bxc3 32. Bxc3+ Rxc3 33. Kf1
Re5 34. Bxg6 Rc1+ 35. Re1 Bg2+ 36. Kxg2 Rxe1 37. Rxh7+ Kg8 38. e7 Rc1 39. Rh5
Rxe7 40. Rg5 Rg7 41. Kf3 Rc6 42. Kxf4 Rgxg6 43. Rxg6+ Rxg6 44. Kxe3 Rh6 45. Ke4
Rh5 46. Kd3 Kf7 47. Kd4 Ke6 48. Ke4 Rh4+ 49. Kf3 Ke5 50. Ke3 Rxb4 51. Kd3 Kd5
52. Ke3 Rh4 53. a3 Rxh2 54. Kf4 Rf2+ 55. Ke3 Ra2 56. Kf4 Rxa3 57. Kf5 Rf3+ 58.
Kg4 Ke4 59. Kg5 Rf1 60. Kg4 Rg1+ 61. Kh3 Kf4 62. Kh4 Rh1# 0-1

[Event "Mechanics' Spring TNM; G/2"]
[Site "San Francisco"]
[Date "2017.03.14"]
[Round "1.29"]
[White "Royzen, Igor"]
[Black "Capdeville, Barry"]
[Result "1-0"]
[WhiteElo "1830"]
[BlackElo "1177"]
[PlyCount "83"]
[EventDate "2017.??.??"]

1. d4 d5 2. Bf4 Nf6 3. e3 Nc6 4. Nf3 Bg4 5. Be2 Bxf3 6. Bxf3 e6 7. O-O Be7 8.
c4 O-O 9. Nc3 a6 10. Rc1 dxc4 11. Bxc6 bxc6 12. Qa4 Qd7 13. Qxc4 Nd5 14. Nxd5
cxd5 15. Qxc7 Qxc7 16. Rxc7 Bb4 17. Rfc1 Ba5 18. R7c6 Rfd8 19. a3 Rd7 20. b4
Bd8 21. Rc8 Rxc8 22. Rxc8 f6 23. Kf1 Kf7 24. Ke2 Ke7 25. Kd3 g5 26. Bg3 Rb7 27.
Rb8 Rxb8 28. Bxb8 Kd7 29. a4 Bc7 30. Bxc7 Kxc7 31. e4 Kc6 32. Ke3 dxe4 33. Kxe4
Kd6 34. g4 h6 35. b5 axb5 36. axb5 Kc7 37. d5 exd5+ 38. Kxd5 Kb6 39. Ke6 Kxb5
40. Kxf6 Kc5 41. Kg6 Kd4 42. Kxh6 1-0

[Event "Mechanics' Winter TNM; G/2"]
[Site "San Francisco"]
[Date "2017.01.31"]
[Round "5.21"]
[White "Royzen, Igor"]
[Black "Ebert, John"]
[Result "0-1"]
[WhiteElo "1830"]
[BlackElo "1799"]
[PlyCount "58"]
[EventDate "2017.??.??"]

1. d4 e6 2. c4 Nf6 3. Nf3 Bb4+ 4. Bd2 Bxd2+ 5. Qxd2 b6 6. g3 Bb7 7. Bg2 O-O 8.
Nc3 d6 9. O-O Nbd7 10. b4 h6 11. Rfd1 Ne4 12. Nxe4 Bxe4 13. Qe3 Nf6 14. c5 Rb8
15. cxd6 Qxd6 16. a3 Rfd8 17. Rdc1 Rbc8 18. Ne5 Bxg2 19. Kxg2 c6 20. Qf3 c5 21.
Nc4 Qxd4 22. e3 Qe4 23. bxc5 Rxc5 24. Qxe4 Nxe4 25. f3 Nd2 26. Nxd2 Rxd2+ 27.
Kh3 Rd3 28. Rxc5 bxc5 29. Rc1 Rxe3 0-1

[Event "Mechanics' Winter TNM; G/2"]
[Site "San Francisco"]
[Date "2017.01.03"]
[Round "1.24"]
[White "Royzen, Igor"]
[Black "Frank, Robert H"]
[Result "1-0"]
[WhiteElo "1830"]
[BlackElo "1229"]
[Annotator "Donaldson"]
[PlyCount "37"]
[EventDate "2017.??.??"]

1. d4 d5 2. Bf4 c5 3. e3 (3. e4 dxe4 4. d5 {An Albin counter-gambit with an
extra move - Bf4 - is an interesting alternative.}) 3... Qa5+ 4. c3 Nf6 5. Nd2
c4 6. e4 Nxe4 7. Nxe4 dxe4 8. Bxc4 Qf5 9. Ne2 b5 10. Bb3 Qg6 11. O-O Bb7 12.
Ng3 Nd7 13. Qe2 Qc6 14. Bc2 Qc4 15. Qe3 e6 16. Bxe4 Bxe4 17. Nxe4 f5 18. Ng5
Ke7 19. Rfe1 1-0

[Event "Mechanics' Spring TNM; G/2"]
[Site "San Francisco"]
[Date "2017.04.25"]
[Round "7.21"]
[White "Royzen, Igor"]
[Black "McEnroe, Glenn"]
[Result "1-0"]
[WhiteElo "1830"]
[BlackElo "1528"]
[PlyCount "69"]
[EventDate "2017.??.??"]

1. d4 Nf6 2. Bf4 g6 3. Nd2 Bg7 4. e4 d6 5. Ngf3 O-O 6. Bd3 Nfd7 7. O-O e5 8.
dxe5 Nxe5 9. Nxe5 dxe5 10. Be3 Nc6 11. Bc5 Ne7 12. Nf3 b6 13. Be3 Nc6 14. c3
Bb7 15. Qe2 a5 16. Rad1 Qe7 17. Bc4 Kh8 18. Rd2 Rfd8 19. Rfd1 Rxd2 20. Rxd2 f6
21. Qd1 Rd8 22. Bd5 h6 23. Qa4 Rd6 24. c4 Nd8 25. c5 Rd7 26. c6 Nxc6 27. Bxc6
Rxd2 28. Bxd2 Bxc6 29. Qxc6 Qd6 30. Qxd6 cxd6 31. a4 f5 32. Be3 d5 33. exd5 e4
34. d6 exf3 35. d7 1-0

[Event "Mechanics' Winter TNM; G/2"]
[Site "San Francisco"]
[Date "2017.02.21"]
[Round "8.19"]
[White "Royzen, Igor"]
[Black "Sherwood, Peter"]
[Result "1-0"]
[WhiteElo "1830"]
[BlackElo "1703"]
[Annotator "Donaldson"]
[PlyCount "71"]
[EventDate "2017.??.??"]

1. d4 d5 2. Bf4 Nf6 3. e3 c5 4. c3 Nc6 5. Nd2 Bf5 6. Qb3 Qb6 7. dxc5 Qxb3 8.
axb3 e5 9. Bg3 Bxc5 10. b4 Bd6 11. b5 Ne7 12. Ngf3 Ng6 13. h3 O-O 14. Be2 Rfd8
15. O-O h6 $6 16. Ra5 b6 (16... Ne4) (16... Bc7) 17. Ra6 Bc8 18. Ra2 Be6 19.
Rfa1 Rd7 (19... d4 $1 $11) 20. Ra6 Rb7 21. Nb3 (21. Nd4 exd4 22. Bxd6 dxe3 23.
fxe3) 21... Ne8 22. Nfd2 Kf8 23. Bf3 e4 $6 (23... Nc7 $142 24. R6a2 (24. Nd4 $2
Nxa6) 24... Nxb5) 24. Bxd6+ Nxd6 25. Be2 Ke7 26. Nd4 Kd7 27. Nc6 Nc8 28. Nb3
Nge7 29. Nbd4 Nf5 $6 30. Nxf5 Bxf5 31. c4 Be6 32. Rd1 Kd6 33. cxd5 Bxd5 $2 34.
Nb4 Ne7 35. Nxd5 Nxd5 36. Bc4 1-0

[Event "Mechanics' Spring TNM; G/2"]
[Site "San Francisco"]
[Date "2017.04.04"]
[Round "4.8"]
[White "Royzen, Igor"]
[Black "Vickers, Keith"]
[Result "1/2-1/2"]
[WhiteElo "1830"]
[BlackElo "2200"]
[PlyCount "42"]
[EventDate "2017.??.??"]

1. d4 f5 2. Bf4 Nf6 3. e3 e6 4. Nf3 d6 5. Nc3 g6 6. Bc4 Bg7 7. h3 Qe7 8. Qe2
Nc6 9. Rg1 Bd7 10. O-O-O O-O-O 11. Bg5 h6 12. Bh4 g5 13. Bg3 Ne4 14. Nxe4 fxe4
15. Nd2 d5 16. Bb3 Na5 17. Kb1 Nxb3 18. Nxb3 b6 19. c4 Kb7 20. Rc1 c6 21. Rc2
Rc8 1/2-1/2

[Event "Mechanics' Spring TNM; G/2"]
[Site "San Francisco"]
[Date "2017.03.28"]
[Round "3.8"]
[White "Royzen, Igor"]
[Black "Wong, Russell"]
[Result "0-1"]
[WhiteElo "1830"]
[BlackElo "2201"]
[Annotator "Winslow,E"]
[PlyCount "106"]
[EventDate "2017.??.??"]

1. d4 Nf6 2. Bf4 d6 3. e3 h6 4. h3 Bf5 5. Nf3 e6 6. c4 Nbd7 7. Nc3 a6 8. Bd3
Rb8 9. Qc2 Bxd3 10. Qxd3 g6 11. O-O Bg7 12. b4 O-O 13. c5 Qe7 14. Bh2 Rbd8 15.
Qc4 Rc8 16. Rac1 Rfd8 17. Rfd1 d5 18. Qd3 c6 19. a4 Ne8 20. b5 axb5 21. axb5 e5
22. bxc6 bxc6 (22... e4 $2 23. Nxd5 $18) 23. Nxe5 $6 (23. Qc2) 23... Nxe5 24.
Bxe5 Bxe5 25. dxe5 Qxe5 $11 26. Qd4 Qxd4 27. exd4 Nc7 28. Rb1 Rb8 29. Kf1 Ne6
30. Ne2 Kf8 31. Ke1 (31. Rxb8 Rxb8 32. Ra1 Rb4 33. g3 $11 {
[%eval 0,0] everywhere}) 31... Ke7 32. Kd2 Kd7 33. Kc2 Kc7 34. Ra1 Ra8 35. Rdb1
Re8 36. Kd3 Reb8 37. Kc2 Kd7 38. Rxa8 Rxa8 39. Rb7+ Nc7 40. Nc3 Ra1 41. Rb1 Ra7
42. Rb2 {For the first time Black has some tiny advantage brewing (according
to Stockfish 8).} (42. g3) (42. Rb8) (42. Kd3 {: 0.00 across the board.}) 42...
Ne6 43. Ne2 Kc7 ({I'm at a loss to explain why} 43... Kc8 {
gets Black a few % points, while the game move is back to 0.00...}) (43... h5)
44. Rb4 (44. Kb1 $5 Ra4 45. Ra2 Rb4+ 46. Kc2 Nxd4+ $6 (46... Kd8) (46... Kb7) (
46... Rc4+) (46... Kb8) (46... Kd7) 47. Nxd4 Rxd4 48. Ra7+ Kd8 49. Rxf7 Rc4+
50. Kd2 Rxc5 51. Rf6 {White is with the tiny add. Damned computers!}) 44...
Ra2+ 45. Rb2 Ra4 46. Kd3 Ra1 47. Ke3 f5 48. f3 g5 49. g3 Ra3+ 50. Kf2 Rd3 51.
Rb4 Rd2 52. Ke1 Ra2 53. Kf2 Ra3 {and in a time scramble Black won.} 0-1

[Event "Mechanics' Fall TNM; G/2 d5"]
[Site "San Francisco"]
[Date "2017.12.19"]
[Round "9.26"]
[White "Rudyak, Felix"]
[Black "Boldi, Nicholas"]
[Result "1-0"]
[WhiteElo "1964"]
[BlackElo "1355"]
[Annotator "Donaldson"]
[PlyCount "63"]
[EventDate "2017.??.??"]

1. d4 e6 2. c4 d5 3. Nc3 Nf6 4. Bg5 Nbd7 5. cxd5 exd5 6. Nxd5 $4 {Diagram [#]}
Nxd5 7. Bxd8 Bb4+ 8. Qd2 Bxd2+ 9. Kxd2 Kxd8 10. e4 N5b6 11. Nf3 f6 12. Rc1 c6
13. d5 cxd5 14. exd5 Nxd5 15. Nd4 Re8 16. Bc4 Re4 17. Nb5 a6 $2 (17... N5b6 $19
) 18. Bxd5 $11 Rf4 $2 19. Nc7 Rxf2+ 20. Ke3 Rf5 21. Be4 Re5 22. Nxa8 f5 23.
Rhd1 Rxe4+ 24. Kf3 Rb4 25. Rd2 g5 26. Kf2 b6 27. a3 Rb3 28. Nc7 Ke7 29. Nd5+
Kd8 30. Nf6 Ke7 31. Nxd7 Bxd7 32. Rc7 1-0

[Event "Mechanics' Fall TNM; G/2 d5"]
[Site "San Francisco"]
[Date "2017.11.14"]
[Round "4.17"]
[White "Rudyak, Felix"]
[Black "Eastham, Asher"]
[Result "1-0"]
[WhiteElo "1964"]
[BlackElo "1657"]
[PlyCount "39"]
[EventDate "2017.??.??"]

1. d4 d5 2. c4 e6 3. Nc3 Nf6 4. Bg5 Be7 5. e3 O-O 6. Nf3 Nbd7 7. cxd5 exd5 8.
Bd3 h6 9. Bh4 Re8 10. O-O Nf8 11. Ne5 c6 12. Rb1 a5 13. a3 Bd6 14. f4 N8d7 15.
g4 Qc7 16. g5 Bxe5 17. fxe5 hxg5 18. Bg3 Ne4 19. Bxe4 dxe4 20. e6 1-0

[Event "Mechanics' Fall TNM; G/2 d5"]
[Site "San Francisco"]
[Date "2017.12.05"]
[Round "7.11"]
[White "Rudyak, Felix"]
[Black "Kuczek, Kevin W"]
[Result "0-1"]
[WhiteElo "1964"]
[BlackElo "1883"]
[PlyCount "74"]
[EventDate "2017.??.??"]

1. d4 e6 2. c4 b6 3. Nc3 Bb4 4. Qc2 Bb7 5. Nf3 f5 6. Bg5 Nf6 7. O-O-O O-O 8. d5
Bxc3 9. Qxc3 Qe8 10. Bxf6 Rxf6 11. e3 Na6 12. b4 exd5 13. cxd5 Qe4 14. Rd4 Qe7
15. a3 Rc8 16. Qb3 Kh8 17. Kb2 c5 18. dxc6 dxc6 19. Qd3 Nb8 20. Rf4 c5 21. b5
Be4 22. Qc3 Rd8 23. Ne5 Rfd6 24. Rxe4 fxe4 25. Bc4 Rd2+ 26. Kc1 Rxf2 27. Ng4
Rf5 28. h4 h5 29. Nh6 Rf6 30. Rf1 Rxf1+ 31. Bxf1 Rf8 32. Bc4 Kh7 33. Nf7 Rxf7
34. Bxf7 Qxf7 35. Qe5 Nd7 36. Qxe4+ Kg8 37. Qa8+ Nf8 0-1

[Event "Mechanics' Fall TNM; G/2 d5"]
[Site "San Francisco"]
[Date "2017.11.21"]
[Round "5.5"]
[White "Rudyak, Felix"]
[Black "O'Connor, Derek"]
[Result "0-1"]
[WhiteElo "1964"]
[BlackElo "2285"]
[PlyCount "74"]
[EventDate "2017.??.??"]

1. d4 Nf6 2. c4 c5 3. d5 e6 4. Nc3 exd5 5. cxd5 d6 6. e4 g6 7. Nf3 Bg7 8. Bb5+
Bd7 9. a4 O-O 10. O-O a6 11. Be2 Bg4 12. h3 Bxf3 13. Bxf3 Nbd7 14. Bf4 Ne8 15.
Qd2 Ne5 16. Be2 f5 17. Bg5 Qd7 18. f4 Nf7 19. Bh4 Nf6 20. exf5 gxf5 21. Bd3 Nh8
22. Qc2 Ne8 23. g4 Ng6 24. Bg5 fxg4 25. Bxg6 hxg6 26. Rae1 Bd4+ 27. Kh2 Qh7 28.
h4 Ng7 29. Re7 Bf6 30. Bxf6 Rxf6 31. Rxg7+ Kxg7 32. Kg3 Re8 33. Ne4 {Diagram #}
g5 $1 34. fxg5 Rxf1 35. Qc3+ Re5 36. g6 Rf3+ 37. Qxf3 gxf3 0-1

[Event "Mechanics' Fall TNM; G/2 d5"]
[Site "San Francisco"]
[Date "2017.12.05"]
[Round "7.42"]
[White "Rushton, Peter"]
[Black "Perlov, Alexander"]
[Result "0-1"]
[WhiteElo "1629"]
[BlackElo "1427"]
[PlyCount "78"]
[EventDate "2017.??.??"]

1. e4 d5 2. exd5 Qxd5 3. Nc3 Qa5 4. Nf3 Bg4 5. d4 Nf6 6. Bd2 Nc6 7. Nb5 Qb6 8.
Be2 h6 9. b4 Bxf3 10. gxf3 a6 11. Be3 Nd5 12. c4 Nxe3 13. fxe3 axb5 14. c5 Qa6
15. a4 Na7 16. d5 Qf6 17. axb5 Qh4+ 18. Kf1 Qxb4 19. c6 bxc6 20. dxc6 Rd8 21.
Qc2 Nc8 22. Rd1 Rxd1+ 23. Qxd1 Nd6 24. Qa1 Nc8 25. Kf2 e6 26. Qa8 Kd8 27. Rd1+
Bd6 28. Qb7 Qh4+ 29. Kf1 Ke7 30. f4 Qxh2 31. Rd3 Rd8 32. Rd4 Qg3 33. Bd1 Qxe3
34. Rc4 Bxf4 35. Be2 Bg3 36. Kg2 Qf2+ 37. Kh3 Qh2+ 38. Kg4 f5+ 39. Kf3 Qf2# 0-1

[Event "Mechanics' Peter Grey TNM; G/2 d5"]
[Site "San Francisco"]
[Date "2017.10.03"]
[Round "9.41"]
[White "Rushton, Peter"]
[Black "Revi, Frank"]
[Result "1-0"]
[WhiteElo "1614"]
[BlackElo "1306"]
[PlyCount "59"]
[EventDate "2017.??.??"]

1. e4 c5 2. Nc3 Nc6 3. Nf3 d6 4. Bb5 Bd7 5. d4 cxd4 6. Nxd4 Nf6 7. Be3 e6 8.
Qe2 Be7 9. g4 e5 10. Nf5 Bxf5 11. exf5 d5 12. O-O-O a6 13. Bc4 Qa5 14. Rxd5
Nxd5 15. Bxd5 Nd8 16. f4 Rc8 17. Bd2 Rxc3 18. Bb3 Rxc2+ 19. Kxc2 Qc7+ 20. Kb1
Nc6 21. Bc3 Bd6 22. Rc1 Qe7 23. fxe5 O-O 24. f6 gxf6 25. Qe4 Nxe5 26. Re1 f5
27. Qxf5 Qh4 28. g5 Ng6 29. h3 Be5 30. Rxe5 1-0

[Event "Mechanics' Summer TNM; G/2 d5"]
[Site "San Francisco"]
[Date "2017.06.20"]
[Round "5.22"]
[White "Sachs-Weintraub, Julian"]
[Black "Kim, Isaiah"]
[Result "0-1"]
[WhiteElo "1516"]
[BlackElo "2061"]
[PlyCount "92"]
[EventDate "2017.??.??"]

1. e4 c6 2. d4 d5 3. e5 Bf5 4. c3 e6 5. Nf3 Nd7 6. Bd3 Ne7 7. Bg5 Bxd3 8. Qxd3
h6 9. Bh4 Qc7 10. Bxe7 Bxe7 11. O-O O-O 12. Re1 c5 13. Nbd2 Rac8 14. a3 cxd4
15. cxd4 Qc2 16. Qxc2 Rxc2 17. b4 Rfc8 18. Nb3 Nb6 19. Nc5 Bxc5 20. bxc5 Nc4
21. a4 b6 22. cxb6 Nxb6 23. h3 Nc4 24. Rec1 Nd2 25. Rxc2 Nxf3+ 26. gxf3 Rxc2
27. Rb1 Ra2 28. Rb8+ Kh7 29. Rb7 Rxa4 30. Rxf7 a5 31. Rf4 Ra1+ 32. Kh2 Kg8 33.
Rg4 a4 34. Rg3 Ra2 35. Kg2 Ra3 36. Kh2 Rd3 37. Rg1 Rxf3 38. Ra1 a3 39. Kg2 Rd3
40. f3 Kf7 41. Kg3 Kg6 42. Ra2 Kf5 43. h4 g5 44. hxg5 hxg5 45. Ra1 g4 46. Rf1
Rxf3+ 0-1

[Event "Mechanics' Summer TNM; G/2 d5"]
[Site "San Francisco"]
[Date "2017.06.06"]
[Round "3.14"]
[White "Sachs-Weintraub, Julian"]
[Black "Porlares, Teodoro"]
[Result "0-1"]
[WhiteElo "1516"]
[BlackElo "1941"]
[PlyCount "70"]
[EventDate "2017.??.??"]

1. e4 c6 2. d4 d5 3. e5 Bf5 4. g4 Bg6 5. h4 h6 6. h5 Bh7 7. Nc3 e6 8. Bd3 Bxd3
9. Qxd3 Nd7 10. f4 c5 11. Be3 Be7 12. dxc5 Qa5 13. Qb5 Qc7 14. b4 a6 15. Qa4 f6
16. Nf3 O-O-O 17. Nd4 Nf8 18. Nf3 Nd7 19. Bd4 fxe5 20. Nxe5 Bf6 21. O-O-O Nxe5
22. fxe5 Bxe5 23. Rhe1 Bf4+ 24. Kb1 e5 25. Bg1 Nf6 26. b5 d4 27. bxa6 bxa6 28.
Qxa6+ Qb7+ 29. Qxb7+ Kxb7 30. Ne4 Nxe4 31. Rxe4 Rhf8 32. Rd3 Kc6 33. Ra3 Rb8+
34. Rb3 Bd2 35. Rxb8 Rxb8+ 0-1

[Event "Mechanics' Summer TNM; G/2 d5"]
[Site "San Francisco"]
[Date "2017.07.18"]
[Round "8.29"]
[White "Sachs-Weintraub, Julian"]
[Black "Touset, Stephen Ka"]
[Result "0-1"]
[WhiteElo "1516"]
[BlackElo "1513"]
[PlyCount "66"]
[EventDate "2017.??.??"]

1. e4 d6 2. d4 Nf6 3. Nc3 e5 4. dxe5 dxe5 5. Qxd8+ Kxd8 6. Nf3 Bd6 7. Bc4 Be6
8. Bxe6 fxe6 9. O-O Nbd7 10. Rd1 a6 11. a4 Ke7 12. h3 Nc5 13. Re1 h6 14. Nd2 g5
15. Nc4 g4 16. hxg4 Nxg4 17. f3 Nf6 18. Nxd6 cxd6 19. b4 Ncd7 20. Ba3 Rac8 21.
Re3 Nb6 22. Rd3 Nh5 23. b5 Nc4 24. Bb4 a5 25. Ba3 Nf4 26. Rdd1 Rhg8 27. g4 h5
28. Kf2 hxg4 29. fxg4 Rxg4 30. Rg1 Nh3+ 31. Kf3 Rxg1 32. Rxg1 Nxg1+ 33. Kg2
Nxa3 0-1

[Event "Mechanics' Winter TNM; G/2"]
[Site "San Francisco"]
[Date "2017.01.31"]
[Round "5.20"]
[White "Sadowsky, Jacob"]
[Black "Andries, W Craig"]
[Result "0-1"]
[WhiteElo "1701"]
[BlackElo "1837"]
[PlyCount "62"]
[EventDate "2017.??.??"]

1. e4 d6 2. Nf3 g6 3. d4 Bg7 4. Bc4 e6 5. O-O Ne7 6. Bb3 a6 7. c3 b6 8. Bf4 Bb7
9. Re1 Nd7 10. Qd2 h6 11. Na3 b5 12. Nc2 Nb6 13. Qe2 Qd7 14. e5 d5 15. Ne3 a5
16. Ng4 Ng8 17. Bc2 c6 18. Qd3 Ba6 19. b4 axb4 20. cxb4 Bb7 21. Nd2 Qe7 22. a3
h5 23. Ne3 g5 24. Bg3 h4 25. Ng4 hxg3 26. fxg3 Nh6 27. Qf3 Nc4 28. Nb3 Rxa3 29.
Nf6+ Bxf6 30. exf6 Qxb4 31. Rxa3 Qxe1+ 0-1